What Comes Next II Quiz Stats

 Plays Quiz Updated Mar 8, 2016

Score 0/50 Timer 16:00
3 Plays Today
Series Next Item % Correct
cinco, seis, siete...ocho
68.2%
two pair, three of a kind, straight...flush
68.2%
Dancer, Prancer, Vixen...Comet
57.9%
XXXVII, XXXVIII, XXXIX...XL
53.7%
Mondale, Bush, Quayle...Gore
48%
Callaghan, Thatcher, Major...Blair
41.3%
viscount, earl, marquess...duke
38.7%
février, mars, avril...mai
34.3%
Allen, Paar, Carson...Leno
32.4%
Oklahoma, New Mexico, Arizona...Alaska
32.4%
methane, ethane, propane...butane
31.2%
light flyweight, flyweight, super flyweight...bantamweight
28.9%
Pius XII, John XXIII, Paul VI...John Paul I
28.8%
Luke, John, Acts...Romans
24.3%
Liverpool, Barcelona, Milan...Manchester United
21.1%
The Big One, Bowling for Columbine, Fahrenheit 9/11...Sicko
19.4%
blue, violet, gray...white
19.3%
Hurricanes, Ducks, Red Wings...Penguins
18.7%
racial suffrage, income tax, direct election of senators...prohibition
18%
Calgary, Albertville, Lillehammer...Nagano
17.6%
Titanic, Shakespeare in Love, American Beauty...Gladiator
14.9%
Utah, Omaha, Gold...Juno
13.4%
hominidae, primates, mammalia...chordata
11.8%
coccygeal, sacral, lumbar...thoracic
10.4%
Erica, Rita, Tina...Sandra
8.8%
Series Next Item % Correct
Orangemen, Huskies, Tarheels...Gators
8.5%
Darkness on the Edge of Town, The River, Nebraska...Born in the USA
8.4%
amo, amas, amat...amamus
8.4%
With a Little Help from My Friends, Lucy in the Sky with Diamonds, Getting Better...Fixing a Hole
8.1%
Universe, Everything, Fish...Harmless
7.9%
stratosphere, mesosphere, thermosphere...exosphere
7.2%
near gale, gale, strong gale...storm
6.5%
magician, high priestess, empress...emperor
6.3%
Friedrich, Louisa, Kurt...Brigitta
6.3%
westerlies, horse latitudes, trade winds...the doldrums
5.5%
cotton, leather, linen...wood
5.2%
guarded, elevated, high...severe
5.1%
lieutenant, sergeant, miner...scout
5.1%
Citizens on Patrol, Assignment Miami Beach, City Under Siege...Mission to Moscow
4.4%
zayin, heth, teth...yod
3.1%
Vamana, Parashurama, Rama...Krishna
3%
dash dash, dash dot, dash dash dash...dot dash dash dot
2.6%
François I, Henri II, François II...Charles IX
1.9%
Zanzibar, Morocco, Utopia...Rio
1.9%
surprise, ruthless efficiency, an almost fanatical devotion to the Pope...nice red uniforms
1.9%
Monaco, Lachey, Smith...Ohno
1.7%
Hercules, Atlas, Zeus...Achilles
1.5%
Keeler, Logan, Gardner...Palmer
1.3%
Bobbysocks, Sandra Kim, Johnny Logan...Céline Dion
1.1%
Disgrace, The Blind Assassin, True History of the Kelly Gang...Life of Pi
0.8%

You're not logged in!

Compare scores with friends on all Sporcle quizzes.
OR
Log In

Sporcle TV

Today on Sporcle TV


Watch our educational content, quiz creation guides, and fun videos on Sporcle TV.

Show Comments

Extras

Top Quizzes Today


Score Distribution

Your Account Isn't Verified!

In order to create a playlist on Sporcle, you need to verify the email address you used during registration. Go to your Sporcle Settings to finish the process.

Report this User

Report this user for behavior that violates our Community Guidelines.

Details: